00865nam a22002417a 4500001001000000003000900010005001700019007000300036008004100039040002500080082002700105110011100132245004500243260006300288300002100351490004500372590002700417650001300444910001400457942001400471952012100485999001700606000038138DO-SdBNP20250912105409.0ta130315s1971 dr 000 0 spa d aDO-SdBNPbspacBNPHU a310.7293 bR426d, 19711 aRepública DominicanabSecretariado Técnico de la PresidenciabOficina Nacional de Estadística91086610aRepública Dominicana en cifras 1971. / aSanto Domingo :bOficina Nacional de Estadística,c1971. a198 p. ;c19 cm.1 aOficina Nacional de Estadística ;v6 ; aInventariado, 2022/ YL 0a 982360 aYLockward 2ddccLBS1 00102ddc51708PDaBNPHUbBNPHUcCTd2013-03-15eFlia. Reyes DuluciLF1o p38138-10r2020-06-25w2020-06-25yLBS1 c37628d37628